1356 1056 1249 1415 1314 1909 1361 1371 1472 1001 1000 1257 1478 1456 1447 1808 1934 1117 1617 1792 1599 1578 1559 1227 1908 1598 1857 1787 1415 1953 1885 1664 1625 1000 1313 1172 1493 1873 1700 1082 1328 1516 1536 1520 1546 1813 1233 1248 1258 1099 1040 1483 1020 1585 1455 1327 1348 1969 1146 1836 1962 1122 1125 1052 1619 1955 1422 1192 1794 1163 1445 1033 1334 1678 1491 1172 1162 1647 1665 1671 1851 1943 1064 1716 1913 1107 1370 1150 1143 1185 1342 1087 1653 1792 1433 1602 1089 1557 1680 BCNSPRNW ULIB Ver.6.0+V

เปลี่ยนเป็นภาษาไทย

Change to English
 แสดงรายละเอียดบรรณานุกรม
  กลับหน้าหลัก

Brief Record : Get Marc (ISO 2709) : E-mail record : QR code < ปิดหน้าต่าง
LEADER : 00000nam a2200000Ia 4500
001    13399125386
003     ULIB
008    160803s2559 th a 000 0 tha d
020    ^a9786162798184
060 04 ^aWY161^bส996ก
245 00 ^aการพยาบาลผู้บาดเจ็บ =Trauma nursing /^cบรรณาธิการ,ไสว นรสาร ,พีรญา ไสไหม
250    ^aพิมพ์ครั้งที่ 1
260    ^aกรุงเทพฯ :^bโครงการตำรารามาธิบดีคณะแพทยศาสตร์โรงพยาบาลรามาธิบดี มหาวิทยามหิดล,^c2559
300    ^av, 408หน้า :^bภาพประกอบ ;^c28 ซม.
650  2 ^aWounds and Injuries^xnursing
650  4 ^aการพยาบาล
650  4 ^aการรักษาบาดแผล
650  4 ^aบาดแผลและบาดเจ็บ^xการพยาบาล
700 0  ^aไสว นรสาร,^eบรรณาธิการ
700 0  ^aพีรญา ไสไหม,^eบรรณาธิการ
710 1  ^aมหาวิทยามหิดล.^bคณะแพทยศาสตร์โรงพยาบาลรามาธิบดี.^bโครงการตำรา
945    ^p500^l0^i24045
945    ^p500^l0^i24046
945    ^p500^l0^i24048
945    ^p500^l0^i24055
945    ^p0^l0^i24056
995    ^aกัณชพร
999    ^aกัณชพร
รายการนี้ยังไม่มีแท็ก
คุณยังไม่ได้ล็อกอิน คุณสามารถมีกิจกรรมร่วมกับเว็บไซต์ได้ แต่ต้องล็อกอินก่อน ::
  ล็อกอิน

รายการสื่อสารสนเทศ

ลำดับที่ ประเภท เลขเรียก/บาร์โค้ด สถานที่ สถานะ
1. หนังสือสำรอง
หนังสือสำรอง
WY161 ส996ก ฉ.1 
  Barcode: 24045
ห้องสมุดวิทยาเขตนครสวรรค์
►หนังสือทั่วไป:l:General Books
บนชั้น
2. วิทยาศาสตร์การแพทย์ และสุขภาพ
วิทยาศาสตร์การแพทย์ และสุขภาพ
WY161 ส996ก ฉ.2 
  Barcode: 24046
ห้องสมุดวิทยาเขตนครสวรรค์
►หนังสือทั่วไป:l:General Books
บนชั้น
3. วิทยาศาสตร์การแพทย์ และสุขภาพ
วิทยาศาสตร์การแพทย์ และสุขภาพ
WY161 ส996ก ฉ.3 
  Barcode: 24048
ห้องสมุดวิทยาเขตนครสวรรค์
►หนังสือทั่วไป:l:General Books
บนชั้น
4. วิทยาศาสตร์การแพทย์ และสุขภาพ
วิทยาศาสตร์การแพทย์ และสุขภาพ
WY161 ส996ก ฉ.4 
  Barcode: 24055
ห้องสมุดวิทยาเขตนครสวรรค์
►หนังสือทั่วไป:l:General Books
บนชั้น
5. วิทยาศาสตร์การแพทย์ และสุขภาพ
วิทยาศาสตร์การแพทย์ และสุขภาพ
WY161 ส996ก ฉ.5 
  Barcode: 24056
ห้องสมุดวิทยาเขตนครสวรรค์
►หนังสือทั่วไป:l:General Books
บนชั้น

รายการใกล้เคียง
    หัวเรื่อง [การพยาบาล]
    หัวเรื่อง [การรักษาบาดแผล]

BibComment


ยังไม่เคยถูกคอมเมนท์

คอมเมนท์ทรัพยากรรายการนี้
  คอมเมนท์: การพยาบาลผู้บาดเ..


 Copyright 2026. Bcnsprnw @Library